Platforma EdgeX Foundry
Enregistré dans:
| Auteur principal: | |
|---|---|
| Autres auteurs: | |
| Format: | Manuscrit Livre |
| Langue: | slovaque |
| Publié: |
Bratislava :
STU v Bratislave FEI,
2023
|
| Sujets: | |
| Accès en ligne: | https://opac.crzp.sk/?fn=detailBiblioFormChildEARLB&sid=F806E6B7D49B8C8B1760FEF8458C&seo=CRZP-detail-kniha |
| Tags: |
Pas de tags, Soyez le premier à ajouter un tag!
|
MARC
| LEADER | 00000ntm a22000003a 4500 | ||
|---|---|---|---|
| 001 | stuzp92163 | ||
| 003 | SK-STU | ||
| 005 | 20241127111710.5 | ||
| 007 | ta | ||
| 008 | 150427s2015----xo-----f-mn---000-0-slo-d | ||
| 040 | |a STU |b slo | ||
| 041 | 0 | |a slo | |
| 044 | |a xo | ||
| 100 | 1 | |a Shaker, Mustafa |u 037000 |4 aut |U FEI Fakulta elektrotechniky a informatiky |T FEI Ústav multimediálnych informačných a komunikačných technológií |X 87062 |U E070 |Y 818 |7 87062 | |
| 242 | 0 | 1 | |a EdgeX Foundry platform |y eng |
| 245 | 1 | 0 | |a Platforma EdgeX Foundry |
| 260 | |a Bratislava : |b STU v Bratislave FEI, |c 2023 | ||
| 300 | |a 81 s. | ||
| 650 | 4 | |a EdgeX Foundry |2 slo | |
| 650 | 4 | |a internet vecí |2 slo | |
| 650 | 4 | |a ESP8266 |2 slo | |
| 650 | 4 | |a protokol MQTT |2 slo | |
| 650 | 4 | |a Node-RED |2 slo | |
| 650 | 4 | |a EdgeX Foundry |2 eng | |
| 650 | 4 | |a Internet of Things |2 eng | |
| 650 | 4 | |a ESP8266 |2 eng | |
| 650 | 4 | |a Protocol MQTT |2 eng | |
| 650 | 4 | |a Node-RED |2 eng | |
| 700 | 1 | |a Medvecký, Martin |u 039101 |k Z8 |4 ths |U FEI Sekretariát dekana |T FEI Kancelária dekana |X 1980 |U 039101 |Y 700 |7 A000001980 | |
| 856 | 4 | |u https://opac.crzp.sk/?fn=detailBiblioFormChildEARLB&sid=F806E6B7D49B8C8B1760FEF8458C&seo=CRZP-detail-kniha | |